| 000 | 01050nam a2200289 i 4500 | ||
|---|---|---|---|
| 001 | 141311 | ||
| 003 | ES-MaACL | ||
| 005 | 20250914145936.0 | ||
| 007 | t| | ||
| 008 | 070920s1904 sp ||||0| spa d | ||
| 040 |
_aM-BN _bspa _cM-BN |
||
| 080 | _a321.01(091) | ||
| 080 | _a342.4(091) | ||
| 100 | 1 |
_aWilson, Woodrow. _9117049 |
|
| 245 | 1 | 3 |
_aEl Estado _b: elementos de política histórica y práctica / _cWoodrow Wilson ; con una introducción de Oscar Brownin ; traducción española con un estudio preliminar de Adolfo Posada. |
| 260 |
_aMadrid : _bLibrería General de Victoriano Suárez, _c1904. |
||
| 300 |
_a2 v. ; _c20 cm. |
||
| 490 | 1 | _aBiblioteca de derecho y ciencias sociales | |
| 650 | 1 | 4 |
_aEstado- _vHistoria _912525 |
| 650 | 1 | 7 |
_aHistoria constitucional _2embne _913391 |
| 700 | 1 |
_aPosada, Adolfo, _d1860-1944 _993316 |
|
| 700 | 1 |
_aBrownin, Oscar. _932031 |
|
| 830 | 0 | 0 |
_aBiblioteca de derecho y de ciencias sociales _9182270 |
| 852 |
_aES-MaACL _jF-12508-09 |
||
| 999 |
_c141311 _d141311 |
||